[Event "Commonwealth-ch U16 Girls"]
[Site "New Delhi"]
[Date "2018.06.27"]
[Round "2"]
[White "Shreya, Smruti Mohanty"]
[Black "Lakshmi, Chidambaram"]
[Result "0-1"]
[WhiteElo "1604"]
[BlackElo "1954"]
[PlyCount "68"]
[EventDate "2018.06.26"]
[EventType "swiss"]
[EventRounds "7"]
[EventCountry "IND"]
[SourceTitle "EXT 2019"]
[Source "ChessBase"]
[SourceDate "2018.10.10"]
[SourceVersion "1"]
[SourceVersionDate "2018.10.10"]
[SourceQuality "1"]

1. c4 Nf6 2. Nc3 e5 3. Nf3 Nc6 4. e3 d6 5. d4 exd4 6. exd4 Bg4 7. Be2 Be7 8. 0-0 0-0 9. h3 Bh5 10. Be3 Re8 11. Ng5 Bxe2 12. Qxe2 h6 13. Nf3 Bf8 14. Qd3 d5 15. Nxd5 Nxd5 16. cxd5 Qxd5 17. Bf4 Rac8 18. Rfe1 Red8 19. Red1 Re8 20. Re1 Rxe1+ 21. Rxe1 Qxa2 22. Qf5 Ra8 23. Bxc7 Qxb2 24. d5 Nd4 25. Nxd4 Qxd4 26. Qd7 Qd2 27. Re3 a5 28. d6 a4 29. Re8 Rxe8 30. Qxe8 a3 31. Bb8 a2 32. Qe5 Qd1+ 33. Kh2 a1Q 34. Qe8 Qad4 0-1

[Event "IND-chT (Women) 14th"]
[Site "Bhubaneswar"]
[Date "2016.02.08"]
[Round "1.2"]
[White "Shreya, Smruti Mohanty"]
[Black "Michelle, Catherina P"]
[Result "0-1"]
[WhiteElo "1429"]
[BlackElo "2212"]
[PlyCount "68"]
[EventDate "2016.02.08"]
[EventType "team-tourn"]
[EventRounds "7"]
[EventCountry "IND"]
[SourceTitle "CBM 170 Extra"]
[Source "ChessBase"]
[SourceDate "2016.02.25"]
[SourceVersion "1"]
[SourceVersionDate "2016.02.25"]
[SourceQuality "1"]
[WhiteTeam "Odisha (W)"]
[BlackTeam "Air India (W)"]
[WhiteTeamCountry "IND"]
[BlackTeamCountry "IND"]

1. Nf3 d5 2. g3 Bg4 3. Bg2 Nd7 4. d3 Ngf6 5. Nbd2 e5 6. h3 Bf5 7. 0-0 Bd6 8. c4 c6 9. b3 h6 10. Bb2 Qe7 11. Re1 Bh7 12. e4 dxe4 13. Nxe4 Nxe4 14. dxe4 0-0 15. Qe2 Rad8 16. Red1 Nf6 17. Ne1 Bc5 18. Nc2 a5 19. Bc3 Bb6 20. a3 Bg6 21. b4 axb4 22. axb4 Rxd1+ 23. Rxd1 Qe6 24. Kh2 Ra8 25. Ra1 Rd8 26. f3 Nh5 27. Bf1 Bd4 28. Rd1 b6 29. c5 bxc5 30. bxc5 Qf6 31. Nxd4 exd4 32. Rxd4 Rxd4 33. Qe3 Rxe4 34. fxe4 Qxf1 0-1

[Event "Asian Schools-ch U11 Girls 10th"]
[Site "Taichung"]
[Date "2014.08.25"]
[Round "4.1"]
[White "Bommini, Mounika Akshaya"]
[Black "Shreya, Smruti Mohanty"]
[Result "1/2-1/2"]
[WhiteElo "1508"]
[BlackElo "1351"]
[PlyCount "54"]
[EventDate "2014.08.24"]
[EventType "swiss"]
[EventRounds "9"]
[EventCountry "TPE"]
[SourceTitle "EXT 2024"]
[Source "ChessBase"]
[SourceDate "2023.10.10"]
[SourceVersion "1"]
[SourceVersionDate "2023.10.10"]
[SourceQuality "1"]

1. e4 c5 2. Nc3 Nc6 3. f4 g6 4. Nf3 Bg7 5. Bb5 Nd4 6. 0-0 Nxb5 7. Nxb5 d5 8. e5 a6 9. Nc3 d4 10. Ne4 Qd5 11. Nf2 Nh6 12. c3 dxc3 13. dxc3 Qxd1 14. Rxd1 Be6 15. h3 0-0 16. Be3 b6 17. g4 Rfd8 18. b3 f6 19. c4 Nf7 20. Nd3 Bd7 21. exf6 exf6 22. Rac1 Bc6 23. Kf2 Be4 24. Nde1 f5 25. Rd2 Rxd2+ 26. Bxd2 Bb2 27. Rd1 Rd8 1/2-1/2